FRONTIERS IN SOCIAL MOVEMENT THEORY (Record no. 21065)

MARC details
000 -LEADER
fixed length control field 00336nam a2200133Ia 4500
008 - FIXED-LENGTH DATA ELEMENTS--GENERAL INFORMATION
fixed length control field 240624s9999 xx 000 0 und d
041 ## - LANGUAGE CODE
Language code of text/sound track or separate title eng
082 ## - DEWEY DECIMAL CLASSIFICATION NUMBER
Classification number 303.48 MOR
100 ## - MAIN ENTRY--PERSONAL NAME
Personal name MORRIS ALDON D
245 ## - TITLE STATEMENT
Title FRONTIERS IN SOCIAL MOVEMENT THEORY
260 ## - PUBLICATION, DISTRIBUTION, ETC.
Date of publication, distribution, etc. 1992
Place of publication, distribution, etc. London
Name of publisher, distributor, etc. Yale University Press
300 ## - PHYSICAL DESCRIPTION
Extent 400 : p.
365 ## - TRADE PRICE
Currency code
Price amount 26
Holdings
Withdrawn status Lost status Damaged status Not for loan Home library Current library Shelving location Date acquired Source of acquisition Cost, normal purchase price Full call number Barcode Date last seen Copy number Price effective from Koha item type
        IMTN IMTN Rack 6-B 03/20/2013 AP 39.00 303.48 MOR 21065 06/24/2024 56.7 06/24/2024 Books
Designed & Maintained by: LRC IMT Nagpur Contact: lrc@imtnag.ac.in© 2024. All Rights Reserved.